000 00817nam a22002297a 4500
003 UA-OsUOA
001 47393
007 ta
008 20120613b un ||||| |||| 00| 0 ukr d
090 _a061 / 069
_bВ55
942 _cBK
040 _aUA-OsUOA
_bukr
_cUA-OsUOA
_dUA-OsUOA
245 _aВічна Ватра на Личакові (могили пластунів у Львівському історико-культурному музеї-заповіднику "Личаківський цвинтар")
300 _a74 с.
955 _a4
041 _aukr
080 _a061 / 069
260 _aЛьвів
_bЗУКЦ
_c2007
650 7 _a0 Загальний відділ.
_2UDC
999 _c427501
_d427501